International competitiveness and knowledge-based industries in India (Record no. 406739)

000 -LEADER
fixed length control field 00543cam a22001817a 4500
008 - FIXED-LENGTH DATA ELEMENTS--GENERAL INFORMATION
fixed length control field 180718b2007 xxu||||| |||| 00| 0 eng d
020 ## - INTERNATIONAL STANDARD BOOK NUMBER
International Standard Book Number 0195686713
082 ## - DEWEY DECIMAL CLASSIFICATION NUMBER
Classification number T121 K96
245 ## - TITLE STATEMENT
Title International competitiveness and knowledge-based industries in India
Statement of responsibility, etc. edited by Nagesh Kumar and K.J. Joseph
260 ## - PUBLICATION, DISTRIBUTION, ETC.
Place of publication, distribution, etc. New Delhi
Name of publisher, distributor, etc. Oxford Univ. press
Date of publication, distribution, etc. 2007
300 ## - PHYSICAL DESCRIPTION
Extent 349p.
650 ## - SUBJECT ADDED ENTRY--TOPICAL TERM
Topical term or geographic name entry element Economics
650 ## - SUBJECT ADDED ENTRY--TOPICAL TERM
Topical term or geographic name entry element Industrial organization
650 ## - SUBJECT ADDED ENTRY--TOPICAL TERM
Topical term or geographic name entry element International
650 ## - SUBJECT ADDED ENTRY--TOPICAL TERM
Topical term or geographic name entry element Competition
700 ## - ADDED ENTRY--PERSONAL NAME
Personal name Joseph, K.J.
700 ## - ADDED ENTRY--PERSONAL NAME
Personal name Nagesh Kumar
Holdings
Withdrawn status Lost status Damaged status Not for loan Permanent Location Current Location Date acquired Full call number Barcode Date last seen Price effective from Koha item type
        Indian Institute of Public Administration Indian Institute of Public Administration 2007-07-04 T121 K96 81784 2018-07-21 2018-07-21 Book

Powered by Koha